[Event "Regionalliga SO 0203"]
[Site "Bayern"]
[Date "2002.12.15"]
[Round "3.1"]
[White "Zill, Christoph"]
[Black "Huwa, Walter"]
[Result "1-0"]
[WhiteElo "2181"]
[BlackElo "2184"]
[PlyCount "33"]
[EventDate "2002.10.20"]
[EventType "team"]
[EventRounds "9"]
[EventCountry "GER"]
[SourceTitle "EXT 2004"]
[Source "ChessBase"]
[SourceDate "2003.11.25"]
[SourceVersion "1"]
[SourceVersionDate "2003.11.25"]
[SourceQuality "1"]
[WhiteTeam "Freising"]
[BlackTeam "Straubing"]
[WhiteTeamCountry "GER"]
[BlackTeamCountry "GER"]

1. e4 c5 2. Nf3 d6 3. d4 cxd4 4. Nxd4 Nf6 5. Nc3 a6 6. f4 Qc7 7. Bd3 e5 8. Nf3 Nbd7 9. 0-0 g6 10. a4 Bg7 11. Qe1 0-0 12. fxe5 dxe5 13. Qh4 b6 14. Bh6 Bb7 15. Ng5 Nh5 16. Bxg7 Kxg7 17. Rxf7+ 1-0